Simply Fly (Record no. 324752)

MARC details
000 -LEADER
fixed length control field 00503nam a2200181Ia 4500
008 - FIXED-LENGTH DATA ELEMENTS--GENERAL INFORMATION
fixed length control field 230718s9999 xx 000 0 und d
020 ## - INTERNATIONAL STANDARD BOOK NUMBER
International Standard Book Number 9788172238421
041 ## - LANGUAGE CODE
Language code of text/sound track or separate title eng
082 ## - DEWEY DECIMAL CLASSIFICATION NUMBER
Classification number 920.71
Item number GOP
100 ## - MAIN ENTRY--PERSONAL NAME
Personal name Gopinath G.R.
9 (RLIN) 112732
245 ## - TITLE STATEMENT
Title Simply Fly
Remainder of title A Deccan Odyssey
250 ## - EDITION STATEMENT
Edition statement Hardcover; 2010-01-21
260 ## - PUBLICATION, DISTRIBUTION, ETC. (IMPRINT)
Date of publication, distribution, etc. 2009
Name of publisher, distributor, etc. Harper Collins India
300 ## - PHYSICAL DESCRIPTION
Extent 380
365 ## - TRADE PRICE
Currency code Rs.
Price amount 499.00
700 ## - ADDED ENTRY--PERSONAL NAME
Personal name Gopinath G.R.
9 (RLIN) 112732
906 ## - LOCAL DATA ELEMENT F, LDF (RLIN)
d O:0084206-May-2010B:375526-Mar-2010
c GENRL
b 99.8
Holdings
Withdrawn status Lost status Source of classification or shelving scheme Damaged status Not for loan Home library Current library Date acquired Vendor Budget Code Cost, normal purchase price Bill number Full call number Barcode Date last seen Discount Cost, replacement price Bill Date Koha item type Original Barcode
    Dewey Decimal Classification     Cummins College of Engineering for Women Pune Cummins College of Engineering for Women Pune 06/05/2010 Tbs GENRL 399.20 3755 920.71 CCEP-BK-35959 18/07/2023 99.8 499.00 26/03/2010 Books 035959